Arrêts de la ligne 20 de Rouen - Statistiques

Statistiques générales
  • Ce quiz a été pris 12 fois
  • Le résultat moyen est 18 sur 47
Statistiques - réponses
Ville Arrêt % Correct
Bihorel Le Chapitre
90%
Rouen / Bihorel Tamarelle
80%
Bihorel Cimetière de Bihorel
70%
Rouen Hôtel de Ville
70%
Bihorel Les Fées
70%
Rouen Beauvoisine
60%
Bihorel Collège Michelet
60%
Bihorel Hauts Grigneux
60%
Rouen Lycée Corneille
60%
Bihorel Piscine
60%
Saint Aubin-Épinay Mairie de Saint Aubin
50%
Rouen Martainville
50%
Rouen Place Saint Vivien
50%
Bihorel Pompidou
50%
Bihorel Bouverie
40%
Saint Léger du Bourg D. Coteaux du Trianon
40%
Rouen Docteur Léonard
40%
Bihorel Floquet
40%
Rouen Jouvenet
40%
Saint Léger du Bourg D. Lavoisier
40%
Saint Léger du Bourg D. L'Eau vive
40%
Bois-Guillaume / Bihorel Lombardie
40%
Saint Léger du Bourg D. Mairie de Saint Léger
40%
Saint Léger du Bourg D. Waddington
40%
Rouen Annie de Pène
30%
Rouen Becquerel
30%
Rouen Chemin Neuf
30%
Rouen Cimetière du Mont Gargan
30%
Bihorel Foyer municipal
30%
Bihorel Joseph Roy
30%
Rouen Lorelei
30%
Saint Léger du Bourg D. Rue de l'Église
30%
Bihorel Rue du Vallon
30%
Rouen Aurore
20%
Rouen Bordes
20%
Rouen Clos Repainville
20%
Bihorel Delattre
20%
Saint Léger du Bourg D. / Rouen Fontaine
20%
Rouen La Chasse
20%
Saint Aubin-Épinay La Hêtraie
20%
Rouen Langlois
20%
Rouen Les Broches
20%
Rouen Neuvilette
20%
Saint Léger du Bourg D. Picauderie
20%
Saint Léger du Bourg D. Vert Buisson
20%
Rouen Cité Verger
0%
Rouen Rue du Progrès
0%
Aucun quiz correspondant
Distribution des résultats
% des personnes avec chaque résultat
Percentile par nombre de réponses
Votre historique - résultats
Vous n’avez pas pris ce quiz